Language Quiz

Random Language or Puzzle Quiz

Word Wheels III Quiz Stats

 Plays Quiz Updated Jun 14, 2019

Support Sporcle.
Go Orange.
Score 0/12 Timer 06:00
0 Plays Today
% Correct
V - Aardvark
86.8%
P - Positive
84.9%
K - Rucksack
80.8%
T - Hospital
80.6%
C - Chromium
76.9%
H - Seashore
76.1%
M - Motorist
75.8%
L - Onlooker
73.2%
G - Glimpsed
72.9%
B - Longbows
72.3%
R - Imprison
67.9%
D - Duathlon
65.9%

From the Vault

Patriotic Animals

by lolshortee

Holiday 5m
Ah, the quintessential American Animal. It's a new type of pet.
Remove Ads.
Support Sporcle.
Get the best of Sporcle when you Go Orange. This ad-free experience offers more features, more stats, and more fun while also helping to support Sporcle. Thank you for becoming a member.

Show Comments

Extras

Top Quizzes Today


Score Distribution

Your Account Isn't Verified!

In order to create a playlist on Sporcle, you need to verify the email address you used during registration. Go to your Sporcle Settings to finish the process.

Report this User

Report this user for behavior that violates our Community Guidelines.

Details: